000 01232cam a2200301 i 4500
001 13247
003 DO-SdUEMH
005 20260119132920.0
007 ta
008 211106s2015 dr a gri 001 0 spa d
020 _a978994082685
040 _aDO-SdUEMH
_bspa
_erda
041 _aspa
082 1 4 _mRD
_bD325c
100 _aDeive, Carlos Esteban
_eaut
245 4 0 _aLas culturas afrocaribeñas /
_cCarlos Esteban Deive ; edición: Héctor Luis Martínez
260 _aSanto Domingo: Buhu, 2015.
264 0 1 _aSanto Domingo :
_bInstituto Panamericano de Geografía e Historia,
_c2015
300 _a461 páginas :
_bilustraciones ;
_c 22 cm
336 _2rdacontent
_atexto
_btxt
337 _2rdamedia
_asin mediación
_bn
338 _2rdacarrier
_avolumen
_bnc
504 _aBibliografías al final de los capítulos
505 1 _aIntroducción -- La esclavitud en el Caribe -- Vida de los esclavos -- El cimarronaje -- La abolición de la esclavitud -- El proceso de formación de las sociedades caribeñas actuales -- Los estudios afroamericanos -- Religión y magia -- Música y danza -- Economía, cocina y familia -- Lenguaje y literatura oral.
650 _aCultura
942 _aBK
_2ddc
_cBK
_n0
999 _c13247
_d13247